| 000 | 01065nam a22002297a 4500 | ||
|---|---|---|---|
| 003 | OSt | ||
| 005 | 20260206060751.0 | ||
| 008 | 260206b |||||||| |||| 00| 0 eng d | ||
| 020 | _a9781416955337 | ||
| 040 |
_aDWCL GS lib _cOC |
||
| 082 | _aFic. N333 1995 | ||
| 100 | _aNAYLOR, PHYLLIS REYNOLDS | ||
| 245 |
_aALICE : _bTHE AGONY OF ALICE / _cPHYLLIS REYNOLDS NAYLOR |
||
| 260 |
_aNew York _bSimon & Schuster Children's Publishing, _cc1985. |
||
| 300 |
_avii, 131 pages: _billustrations ; _c21cm. |
||
| 520 | _aThe Agony of Alice (1985) by Phyllis Reynolds Naylor is a coming-of-age story about 12-year-old Alice McKinley, who recently moved to a new town with her father and older brother. Having lost her mother at a young age, Alice navigates the embarrassments of starting 6th grade without a female role model, seeking a mentor while facing everyday preteen traumas. | ||
| 546 | _aEnglish | ||
| 650 | _aRealistic Fiction / Contemporary | ||
| 650 | _aComing-of-Age (Bildungsroman) | ||
| 700 | _aPHYLLIS REYNOLDS NAYLOR | ||
| 942 |
_2ddc _cFIC. _hFic. _n0 |
||
| 999 |
_c8315 _d8315 |
||